Loading...
| Fine Arts - Classical Music | 0 | 6 | 0 | 0 | 60 | 77 | 117.00 | 0 | 4 | 3.34 | 20.51 |
| Fine Arts - Other | 0 | 5 | 0 | 0 | 50 | 84 | 107.00 | 1 | 5 | 8.58 | 32.05 |
| Science - Physics | 0 | 2 | 0 | 1 | 20 | 108 | 119.00 | 0 | 1 | 0.91 | 7.69 |
| Literature - World | 0 | 2 | 0 | 0 | 20 | 106 | 106.50 | 2 | 2 | 3.61 | 14.10 |
| Literature - American | 0 | 1 | 0 | 0 | 10 | 84 | 84.00 | 0 | 1 | 2.76 | 5.13 |
| Science - Other | 0 | 1 | 0 | 0 | 10 | 122 | 122.00 | 0 | 0 | 0.00 | 1.28 |
| History - American | 0 | 1 | 0 | 0 | 10 | 74 | 74.00 | 0 | 1 | 2.91 | 6.41 |
| Fine Arts - Painting and Sculpture | 0 | 1 | 1 | 0 | 5 | 91 | 91.00 | 0 | 1 | 2.43 | 6.41 |
| Mythology | 0 | 0 | 1 | 0 | -5 | 0.00 | 0 | 0 | 0.00 | 0.00 | |
| Science - Biology | 0 | 0 | 1 | 0 | -5 | 0.00 | 0 | 0 | 0.00 | 0.00 |